[Event "AUTO-ADV-731"]
[Site "http://www.queenalice.com/game.php?id=313960"]
[Date "2007.12.2"]
[Round "1"]
[White "lstratz"]
[Black "luizito13"]
[Result "0-1"]
[WhiteElo "1982"]
[BlackElo "1843"]

1. e4 c5 2. c3 Nf6 3. e5 Nd5 4. Bc4 e6 5. Nf3 Nb6 6. Bb3 c4 7. Bc2 Nc6 8. d4
cxd3 9. Bxd3 h6 10. Be3 Nd5 11. Qe2 Nxe3 12. Qxe3 Qc7 13. Nbd2 b6 14. O-O-O Bc5
15. Qe2 Bb7 16. Nb3 Be7 0-1

[Event "AUTO-INT-608"]
[Site "http://www.queenalice.com/game.php?id=373047"]
[Date "2008.3.18"]
[Round "2"]
[White "jonathanodonnell"]
[Black "luizito13"]
[Result "0-1"]
[WhiteElo "1874"]
[BlackElo "1973"]

1. e4 c6 2. d4 d5 3. Nc3 dxe4 4. Nxe4 Bf5 5. Ng3 Bg6 6. h4 h5 7. Nf3 Nd7 8. Bd3
Bxd3 9. Qxd3 e6 10. Bf4 Ngf6 11. O-O-O Qa5 12. Kb1 Nd5 13. Bc1 Nb4 14. Qb3 Qc7
15. c3 Nd5 16. Rhe1 O-O-O 17. Ng5 N7f6 18. N3e4 Nxe4 19. Nxe4 Be7 20. g3 Nf6 21.
Bg5 Nxe4 22. Bxe7 Nxc3+ 23. Kc2 Qxe7 24. bxc3 Qf6 25. Rd2 Qf5+ 26. Kc1 Qd5 27.
Rb2 Qxb3 28. axb3 Rd5 29. Re5 Rd6 30. Ra5 a6 31. Kc2 f6 32. f4 g6 33. b4 Rhd8
34. Kb3 Kc7 35. Kc4 R8d7 36. Kc5 Rd5+ 37. Kc4 Rxa5 38. bxa5 Rd5 39. Kb4 Rb5+ 40.
Ka3 Rxa5+ 41. Kb3 Rb5+ 42. Kc2 Rxb2+ 43. Kxb2 b5 44. Kb3 Kb6 45. Kb4 a5+ 46. Kb3
c5 47. c4 cxd4 0-1

[Event "AUTO-INT-608"]
[Site "http://www.queenalice.com/game.php?id=373048"]
[Date "2008.3.18"]
[Round "2"]
[White "luizito13"]
[Black "jonathanodonnell"]
[Result "1-0"]
[WhiteElo "1902"]
[BlackElo "1750"]

1. c4 e5 2. Nc3 Nf6 3. d3 Bc5 4. a3 a6 5. b4 Ba7 6. Bg5 O-O 7. Nd5 Kh8 8. e3 c6
9. Nxf6 gxf6 10. Bh4 d5 11. Qf3 Nd7 12. g3 b6 13. Bh3 Qc7 14. Bf5 1-0

[Event "AUTO-INT-608"]
[Site "http://www.queenalice.com/game.php?id=373051"]
[Date "2008.3.18"]
[Round "2"]
[White "tlalexandri"]
[Black "luizito13"]
[Result "0-1"]
[WhiteElo "1620"]
[BlackElo "1983"]

1. d4 Nf6 2. Nf3 d5 3. Bg5 Ne4 4. Nc3 Nxg5 5. Nxg5 h6 6. Nf3 Bf5 7. h3 e6 8. g4
Bg6 9. Ne5 Bh7 10. f4 f6 11. Nf3 Nd7 12. e3 Bb4 13. Qd2 c6 14. O-O-O Qa5 15. a3
Bxc3 16. Qxc3 Qxc3 17. bxc3 Nb6 18. Bd3 Ke7 19. Bxh7 Rxh7 20. Nh4 Nc4 21. a4 a5
22. f5 Nb6 23. Ng6+ Kd6 24. Nf4 e5 25. dxe5+ fxe5 26. Nd3 Nxa4 27. c4 Nc5 28.
cxd5 cxd5 29. Nxc5 Kxc5 30. Rh2 Rhh8 31. Rhd2 Rad8 32. e4 d4 33. h4 Rd6 34. Rd3
b5 35. c3 Rhd8 36. cxd4+ Rxd4 37. Rc3+ Kd6 38. Rcd3 Ke7 39. Rxd4 exd4 40. Kd2
Kf6 41. Kd3 Ke5 42. g5 hxg5 43. hxg5 Rh8 44. Re1 Rh3+ 45. Kd2 Rg3 46. g6 b4 47.
Kc2 a4 48. Kb2 Rg2+ 49. Kb1 a3 50. Ka1 b3 51. Kb1 d3 52. Ka1 d2 53. Rd1 Kxe4 54.
Rf1 Re2 55. Rb1 Re1 56. f6 Rxb1+ 0-1

[Event "AUTO-INT-608"]
[Site "http://www.queenalice.com/game.php?id=373052"]
[Date "2008.3.18"]
[Round "2"]
[White "luizito13"]
[Black "tlalexandri"]
[Result "1-0"]
[WhiteElo "1939"]
[BlackElo "1590"]

1. c4 e5 2. Nc3 a6 3. Nf3 d6 4. g3 Nf6 5. d3 Nc6 6. Bg2 Bd7 7. a3 h6 8. Qc2 Bf5
9. Nh4 Nd4 10. Qa4+ Bd7 11. Qd1 g5 12. Nf3 Qe7 13. Nxd4 exd4 14. Bxb7 Ra7 15.
Nd5 Nxd5 16. Bxd5 Bg7 17. Bg2 O-O 18. O-O c5 19. Bd2 Rc7 20. Ba5 Rcc8 21. Qc2 f5
22. Rae1 f4 23. Bd2 Qe6 24. Bd5 Qxd5 25. cxd5 Bh3 26. f3 fxg3 27. hxg3 Bxf1 28.
Rxf1 Be5 29. Kg2 Kg7 30. Qa4 Ra8 31. f4 Bf6 32. fxg5 hxg5 33. Qd7+ Rf7 34. Qxd6
Raf8 35. Qxc5 Kg8 36. d6 g4 37. Qh5 Rh7 38. Qd5+ Rhf7 39. Rxf6 Kg7 40. Qg5+ Kh8
41. Qh6+ Kg8 42. Rg6+ 1-0

[Event "AUTO-INT-608"]
[Site "http://www.queenalice.com/game.php?id=373053"]
[Date "2008.3.18"]
[Round "2"]
[White "ceredro"]
[Black "luizito13"]
[Result "0-1"]
[WhiteElo "1618"]
[BlackElo "1981"]

1. e4 c6 2. Bc4 d5 3. exd5 cxd5 4. Bb5+ Nc6 5. Bxc6+ bxc6 6. Nf3 Bg4 7. O-O e6
8. h3 Bh5 9. d4 Bd6 10. Qd3 Bg6 11. Qc3 Rc8 12. Bg5 Be7 13. Bf4 Nf6 14. Nh4 Bh5
15. Nd2 h6 16. Rae1 g5 17. Bxg5 hxg5 18. Nhf3 Nd7 19. a3 g4 20. hxg4 Bxg4 21.
Ne5 Nxe5 22. dxe5 Kd7 23. f3 Bf5 24. g4 Bg6 25. Kf2 Rh2+ 26. Ke3 Bg5+ 27. f4
Qb6+ 28. Kf3 Rh3+ 29. Kg2 Rxc3 30. bxc3 Bh4 31. Rb1 Qe3 32. Nf3 Be4 33. Rb7+ Rc7
34. Rb3 Qe2+ 35. Kg1 Bxf3 36. Rxf3 Qxf3 37. Rb1 Qf2+ 38. Kh1 Bg3 39. Rg1 Qh2#
0-1

[Event "AUTO-INT-608"]
[Site "http://www.queenalice.com/game.php?id=373054"]
[Date "2008.3.18"]
[Round "2"]
[White "luizito13"]
[Black "ceredro"]
[Result "1-0"]
[WhiteElo "1958"]
[BlackElo "1620"]

1. c4 e5 2. Nc3 Bb4 3. Qc2 Nf6 4. a3 Bxc3 5. Qxc3 Nc6 6. e3 O-O 7. Ne2 Ne4 8.
Qc2 Qh4 9. g3 Qg4 10. h3 Qf3 11. Rh2 Ng5 12. Ng1 Qf6 13. h4 Nf3+ 14. Nxf3 Qxf3
15. Be2 Qf6 16. d3 d6 17. g4 h6 18. Bd2 b6 19. O-O-O a5 20. Rg1 Nd8 21. g5 hxg5
22. hxg5 Qf5 23. Rgh1 f6 24. g6 Qxg6 25. Rh8+ Kf7 26. Bh5 Rxh8 27. Bxg6+ Kg8 28.
Rxh8+ Kxh8 29. Qd1 Ne6 30. Qh1+ Kg8 31. Qxa8 Nf8 32. Qxc8 1-0

[Event "AUTO-MASTER-518"]
[Site "http://www.queenalice.com/game.php?id=398907"]
[Date "2008.5.6"]
[Round "1"]
[White "yanpom"]
[Black "luizito13"]
[Result "1-0"]
[WhiteElo "1936"]
[BlackElo "1985"]

1. e4 c6 2. Nf3 d5 3. e5 Bg4 4. Be2 e6 5. d4 Nd7 6. h3 Bh5 7. O-O Qc7 8. Nfd2
Bg6 9. Nf3 Bh5 10. Nc3 h6 11. Nh2 Bxe2 12. Qxe2 c5 13. Be3 cxd4 14. Bxd4 Ne7 15.
Qb5 Nc6 16. Qd3 Nxd4 17. Qxd4 Qxe5 18. Qxe5 Nxe5 19. Rfe1 Bd6 20. Nb5 Bb8 21.
Rad1 O-O 22. b3 a6 23. Nd4 Bc7 24. Nhf3 Nxf3+ 25. Nxf3 Ba5 26. Re3 Rac8 27. Rc1
Rc3 28. Rxc3 Bxc3 29. Rd1 Rc8 30. Rd3 f6 31. Nh4 Kf7 32. Kf1 d4 33. Nf3 e5 34.
Nd2 f5 35. f3 Ke6 36. Ke2 Kd5 37. Nc4 b5 38. Nb6+ Kc6 39. Nxc8 Kd7 40. Na7 Kc7
41. g4 f4 42. h4 b4 43. g5 h5 44. g6 Kb7 45. Rd1 Kxa7 46. Rg1 Kb7 47. Rg5 Kc7
48. Rxh5 Kd6 49. Rh7 e4 50. fxe4 Ke6 51. Rxg7 d3+ 52. cxd3 Bxg7 53. Kf3 Kf6 54.
Kxf4 Kxg6 55. e5 Bh6+ 56. Ke4 Bc1 57. d4 a5 58. d5 Kf7 59. Kf5 Be3 60. d6 Bd4
61. e6+ Ke8 62. h5 Bg7 63. Kg6 Be5 64. d7+ Ke7 65. h6 Bd4 66. Kh7 Be3 67. Kg7
Bg5 68. h7 Kxe6 69. h8=Q 1-0

[Event "AUTO-MASTER-518"]
[Site "http://www.queenalice.com/game.php?id=398908"]
[Date "2008.5.6"]
[Round "1"]
[White "luizito13"]
[Black "yanpom"]
[Result "1-0"]
[WhiteElo "1941"]
[BlackElo "1975"]

1. c4 e5 2. Nc3 Nf6 3. g3 d5 4. cxd5 Nxd5 5. Bg2 Nxc3 6. bxc3 Bd6 7. e3 O-O 8.
d3 c6 9. Ne2 Be6 10. O-O Qd7 11. Re1 Bh3 12. Bh1 Na6 13. d4 Rfe8 14. Qb3 Be6 15.
Qc2 exd4 16. cxd4 Bb4 17. Rd1 Bd5 18. e4 Qg4 19. f3 Qe6 20. Nf4 Bxe4 21. fxe4
Qg4 22. Rf1 Rad8 23. Bb2 h5 24. Bf3 Qg5 25. Nxh5 Qe3+ 26. Kg2 Bc5 27. Rae1 Qg5
28. Bc1 Qe7 29. dxc5 1-0

[Event "AUTO-MASTER-518"]
[Site "http://www.queenalice.com/game.php?id=398913"]
[Date "2008.5.6"]
[Round "1"]
[White "Maneiro"]
[Black "luizito13"]
[Result "0-1"]
[WhiteElo "2075"]
[BlackElo "1960"]

1. Nf3 d5 2. g3 c5 3. Bg2 Nc6 4. O-O e5 5. d3 Be7 6. Nbd2 f5 7. e4 fxe4 8. dxe4
d4 9. Nc4 Qc7 10. Ncxe5 Nxe5 11. Nxe5 Qxe5 12. f4 Qc7 13. c3 dxc3 14. bxc3 Bd7
15. e5 O-O-O 16. Rb1 b6 17. Qf3 Nh6 18. Rd1 Nf5 19. Qa8+ Qb8 20. Qe4 g6 21. h4
Nxg3 0-1

[Event "AUTO-MASTER-518"]
[Site "http://www.queenalice.com/game.php?id=398914"]
[Date "2008.5.6"]
[Round "1"]
[White "luizito13"]
[Black "Maneiro"]
[Result "0-1"]
[WhiteElo "1985"]
[BlackElo "2092"]

1. c4 Nf6 2. Nc3 e6 3. d4 Bb4 4. Qc2 O-O 5. a3 Bxc3+ 6. Qxc3 b6 7. Nf3 Bb7 8.
Bg5 d6 9. e3 Nbd7 10. Bd3 Qe8 11. Qc2 h6 12. Bh4 e5 13. dxe5 dxe5 14. e4 Nh5 15.
Bg3 Nc5 16. b4 Nxd3+ 17. Qxd3 f5 18. Qc3 f4 19. Bh4 Bxe4 20. Nd2 Bxg2 21. Rg1 f3
22. Bg3 Nf4 23. Bxf4 exf4+ 24. Kd1 Qe2+ 25. Kc2 Qxf2 26. Kb3 Rfe8 27. Raf1 Qe2
28. Rxf3 Rad8 29. Nf1 Qd1+ 30. Kb2 Re2+ 0-1

[Event "AUTO-ADV-713"]
[Site "http://www.queenalice.com/game.php?id=406662"]
[Date "2008.5.22"]
[Round "2"]
[White "luizito13"]
[Black "soares54"]
[Result "0-1"]
[WhiteElo "2000"]
[BlackElo "2014"]

1. d4 Nf6 2. c4 g6 3. Nc3 Bg7 4. e4 d6 5. Nf3 Nbd7 6. Be2 O-O 7. O-O b6 8. h3
Bb7 9. Qc2 c5 10. d5 Nh5 11. Be3 f5 12. Ng5 Nhf6 0-1

[Event "AUTO-ADV-713"]
[Site "http://www.queenalice.com/game.php?id=406663"]
[Date "2008.5.22"]
[Round "2"]
[White "soares54"]
[Black "luizito13"]
[Result "1-0"]
[WhiteElo "2029"]
[BlackElo "1985"]

1. e4 c6 2. Nf3 d5 3. exd5 cxd5 4. d4 Bg4 5. h3 Bh5 6. Be2 e6 7. Bf4 Nc6 8. Nc3
Bd6 9. Ne5 Bxe2 10. Qxe2 Nxe5 11. Bxe5 Bxe5 12. dxe5 Rc8 13. O-O Ne7 14. f4 1-0

[Event "AUTO-ADV-713"]
[Site "http://www.queenalice.com/game.php?id=406664"]
[Date "2008.5.22"]
[Round "2"]
[White "luizito13"]
[Black "guzanito"]
[Result "1/2-1/2"]
[WhiteElo "2023"]
[BlackElo "2199"]

1. c4 e5 2. Nc3 d6 3. g3 f5 4. Bg2 Nf6 5. d3 Be7 6. e3 O-O 7. Nge2 c6 8. b3 Qe8
9. Bb2 Na6 10. Qc2 Nc7 11. a3 Ne6 12. h3 a5 13. Na4 Kh8 14. Nb6 Ra6 15. Nxc8
Qxc8 16. O-O Qe8 17. b4 axb4 18. axb4 Rxa1 19. Rxa1 Qh5 20. Ra7 Ng5 21. Rxb7
Nxh3+ 22. Kf1 Bd8 23. Ng1 Nxg1 24. Kxg1 Ng4 25. Qe2 Bf6 26. f3 Qh2+ 27. Kf1 Nh6
28. Qf2 Ra8 29. b5 cxb5 30. cxb5 f4 31. exf4 Nf5 32. fxe5 Nxg3+ 33. Ke1 Bh4 34.
Kd1 Nf5 35. Qe2 Qxg2 36. Qxg2 Ne3+ 37. Kc1 Nxg2 38. b6 Ne1 39. Ra7 Rd8 40. b7
Nxd3+ 41. Kb1 Nc5 42. e6 Be7 43. Ka2 h5 44. b8=Q Rxb8 45. Rxe7 Kh7 46. Rxg7+ Kh6
47. e7 Ra8+ 48. Kb1 Re8 49. Kc2 Nd7 50. f4 1/2-1/2

[Event "AUTO-ADV-713"]
[Site "http://www.queenalice.com/game.php?id=406665"]
[Date "2008.5.22"]
[Round "2"]
[White "guzanito"]
[Black "luizito13"]
[Result "0-1"]
[WhiteElo "2185"]
[BlackElo "1967"]

1. e4 c5 2. Nf3 d6 3. d4 cxd4 4. Nxd4 Nf6 5. Nc3 a6 6. Bd3 e6 7. O-O Be7 8. Be3
Nc6 9. Kh1 Nxd4 10. Bxd4 e5 11. Be3 Ng4 12. Nd5 Nxe3 13. Nxe3 Bd7 14. f4 exf4
15. Nd5 Bc6 16. Rxf4 Bg5 17. Rf3 O-O 18. Rg3 Bxd5 19. exd5 g6 20. Qg4 Bf6 21.
Rf1 Bg7 22. h4 Qc8 23. Bf5 Qc7 24. h5 Rae8 25. hxg6 fxg6 26. Be6+ Kh8 27. Rxf8+
Rxf8 28. c3 Rf1+ 29. Kh2 Qc5 0-1

[Event "AUTO-ADV-731"]
[Site "http://www.queenalice.com/game.php?id=434419"]
[Date "2008.7.17"]
[Round "2"]
[White "luizito13"]
[Black "kromata"]
[Result "1-0"]
[WhiteElo "1971"]
[BlackElo "1959"]

1. e4 c6 2. d4 d5 3. Nc3 dxe4 4. Nxe4 Bf5 5. Ng3 Bg6 6. Nf3 Nd7 7. Bd3 Bxd3 8.
Qxd3 e6 9. O-O Ngf6 10. Bg5 Be7 11. Rfe1 O-O 12. c4 1-0

[Event "AUTO-ADV-731"]
[Site "http://www.queenalice.com/game.php?id=434420"]
[Date "2008.7.17"]
[Round "2"]
[White "kromata"]
[Black "luizito13"]
[Result "0-1"]
[WhiteElo "1943"]
[BlackElo "1987"]

1. d4 d5 2. c4 e6 3. Nc3 Nf6 4. Bg5 Be7 5. Nf3 Nbd7 6. e3 O-O 7. Rc1 c6 8. Bd3
h6 9. Bh4 dxc4 10. Bxc4 Nb6 11. Bd3 Nfd5 0-1

[Event "AUTO-ADV-731"]
[Site "http://www.queenalice.com/game.php?id=434421"]
[Date "2008.7.17"]
[Round "2"]
[White "luizito13"]
[Black "dwright"]
[Result "0-1"]
[WhiteElo "2014"]
[BlackElo "2053"]

1. d4 c5 2. dxc5 e6 3. Bf4 Bxc5 4. Bd6 Qa5+ 5. c3 Bxd6 6. Qxd6 Nf6 7. Nd2 Qa6 8.
Qg3 O-O 9. e3 Qc6 10. Ngf3 d5 11. Bd3 Nbd7 12. Nd4 Qb6 13. Rb1 Nc5 14. Bc2 Qa6
15. a3 Bd7 16. f3 Nd3+ 17. Bxd3 Qxd3 18. Qf2 e5 19. Qe2 Qg6 20. N4b3 Rac8 21.
O-O Nh5 22. Rbe1 a6 23. Nc1 Bb5 24. Qf2 Bxf1 25. Qxf1 Qb6 26. Nd3 Rfe8 27. Rb1
Qxe3+ 28. Qf2 Qxd3 0-1

[Event "AUTO-ADV-731"]
[Site "http://www.queenalice.com/game.php?id=434422"]
[Date "2008.7.17"]
[Round "2"]
[White "dwright"]
[Black "luizito13"]
[Result "1-0"]
[WhiteElo "2037"]
[BlackElo "2030"]

1. b3 c5 2. Nf3 Nc6 3. Bb2 d6 4. d4 cxd4 5. Nxd4 e5 6. Nxc6 bxc6 7. g3 f5 8. Bg2
Qc7 9. c4 Nf6 10. O-O Be7 11. Nc3 Be6 12. e4 fxe4 13. Nxe4 Nxe4 14. Bxe4 g6 15.
Rc1 Bh3 16. Re1 Rf8 17. Ba3 Kf7 18. Rc3 Kg7 19. g4 Qa5 20. b4 Qa6 21. b5 Qb6 22.
Rxh3 Qxf2+ 23. Kh1 Bh4 24. Re2 Qf6 25. Bxd6 Rf7 26. Rf3 Qe6 27. Bxe5+ Qxe5 28.
Rxf7+ 1-0